Pretty Little Liars Characters - Statistics

General Stats
  • This quiz has been taken 1,412 times
  • The average score is 29 of 52
Answer Stats
Answer % Correct
Girls aria
98%
hanna
98%
spencer
98%
ali
97%
emily
97%
toby
94%
mona
92%
caleb
90%
ezra
90%
cece
86%
jenna
85%
ashley
83%
ella
82%
melissa
81%
paige
81%
maya
80%
pam
76%
veronica
76%
byron
71%
jason
71%
mike
70%
Boys alex
65%
ian
63%
jessica
63%
noel
63%
wren
63%
peter
60%
lucas
59%
tom
56%
wilden
49%
garrett
48%
wayne
48%
kate
47%
sara
42%
samara
36%
ben
33%
bethany
32%
nate
28%
kenneth
27%
meredith
26%
holden
25%
sydney
25%
mary drake
20%
tanner
16%
Liam
14%
Jordan
13%
Talia
13%
Yvonne
13%
lorenzo
9%
Dr. Sullivan
8%
shanna
8%
Elliott
7%
No matching quizzes found
Score Distribution
Percent of People with Each Score
Percentile by Number Answered
Your Score History
You have not taken this quiz